Statistisk Arbog 1986 For Kobenhavn og Frederiksberg Samt Hovedstadsregionen. Arg.65
Salvato in:
| Natura: | Libro |
|---|---|
| Lingua: | danese |
| Pubblicazione: |
Kobenhavn
Statistiske Kontor
1986
|
| Edizione: | 1. ed. |
| Tags: |
Nessun Tag, puoi essere il primo ad aggiungerne!!
|
MARC
| LEADER | 00000nam a2200000 4500 | ||
|---|---|---|---|
| 001 | c033264 | ||
| 005 | 20250702113339.0 | ||
| 041 | 0 | |a dan | |
| 044 | |a DK | ||
| 245 | 1 | 0 | |a Statistisk Arbog 1986 |b For Kobenhavn og Frederiksberg Samt Hovedstadsregionen. Arg.65 |
| 250 | |a 1. ed. | ||
| 264 | 1 | |a Kobenhavn |b Statistiske Kontor |c 1986 | |
| 300 | |a 397 s. |e 1 mp. príl. | ||